| 000 | 00366nam a2200169Ia 4500 | ||
|---|---|---|---|
| 001 | 7782 | ||
| 003 | GE_BSU | ||
| 008 | 181216s||||||||xx |||||||||||||| ||und|| | ||
| 040 | _cGE_BSU | ||
| 245 | 4 | _aThe Economist, September 14th-20th | |
| 245 | _bNumber 8853 | ||
| 260 | _aParis | ||
| 260 | _c2013. | ||
| 300 | _a98pg;27sm. | ||
| 653 | _aThe Economist | ||
| 942 | _cCR | ||
| 999 |
_c41132 _d41132 |
||